Rakouské reformy
Pokles svetovej hospodárskej konjunktúry núti vlády európskych krajín k prijímaniu úsporných opatrení. Stručná charakteristika politickej situácie v Rakúsku. Reforma ústavy. Ekonomické reformy. Reformy daní a zdravotníctva. Problémy s dôchodkami.
Saved in:
| Main Author: | |
|---|---|
| Format: | Book Chapter |
| Language: | Czech |
| Subjects: | |
| Tags: |
No Tags, Be the first to tag this record!
|
MARC
| LEADER | 00000naa$a2200000$$$4500 | ||
|---|---|---|---|
| 001 | 0004409 | ||
| 005 | 20231004105856.6 | ||
| 041 | 0 | |a cze | |
| 044 | |a CZ | ||
| 245 | 1 | 0 | |a Rakouské reformy |c aut. Jiří Štěpanovský |
| 520 | |a Pokles svetovej hospodárskej konjunktúry núti vlády európskych krajín k prijímaniu úsporných opatrení. Stručná charakteristika politickej situácie v Rakúsku. Reforma ústavy. Ekonomické reformy. Reformy daní a zdravotníctva. Problémy s dôchodkami. | ||
| 610 | 2 | 0 | |a Rakúsko |
| 610 | 2 | 0 | |a vývoj hospodársky |
| 610 | 2 | 0 | |a reformy hospodárske |
| 610 | 2 | 0 | |a zdravotníctvo |
| 610 | 2 | 0 | |a politika |
| 610 | 2 | 0 | |a dôchodky |
| 100 | 1 | |a Štěpanovský, Jiří | |